Priamyje inostrannyje investicii v Slovackoj respublike
Priame zahraničné investície (PZI) a ich úloha v ekonomika Slovenskej republiky. Faktory ovplyvňujúce rozhodnutie zahraničných investorov vstúpiť do slovenskej ekonomiky. Dôsledky zahraničných investícií v slovenskej ekonomike a výhody a nevýhody priamych zahraničných investícií. Sektorová štruktúra...
Salvato in:
| Autore principale: | |
|---|---|
| Altri autori: | |
| Natura: | Capitolo di libro |
| Lingua: | russo |
| Soggetti: | |
| Tags: |
Nessun Tag, puoi essere il primo ad aggiungerne!!
|
MARC
| LEADER | 00000naa$a2200000$$$4500 | ||
|---|---|---|---|
| 001 | 0279140 | ||
| 005 | 20240502083847.4 | ||
| 041 | 0 | |a rus | |
| 044 | |a RU | ||
| 245 | 1 | 0 | |a Priamyje inostrannyje investicii v Slovackoj respublike |c Katarína Brocková, Katarína Lipková |
| 520 | |a Priame zahraničné investície (PZI) a ich úloha v ekonomika Slovenskej republiky. Faktory ovplyvňujúce rozhodnutie zahraničných investorov vstúpiť do slovenskej ekonomiky. Dôsledky zahraničných investícií v slovenskej ekonomike a výhody a nevýhody priamych zahraničných investícií. Sektorová štruktúra PZI na Slovensku. | ||
| 610 | 2 | 0 | |a investície priame zahraničné |
| 610 | 2 | 0 | |a produkt domáci hrubý |
| 610 | 2 | 0 | |a investori |
| 610 | 2 | 0 | |a Slovensko |
| 100 | 1 | |a Brocková, Katarína, 1976- | |
| 700 | 1 | |a Lipková, Ľudmila | |